Score 0/24 Timer 05:00
0 Plays Today
Clue _ _ V _ _ % Correct
Prime numberseven
92.2%
Written work of fictionnovel
89.8%
Orange variety or belly buttonnavel
89.1%
Courtroom malletgavel
88.7%
Poe's black birdraven
88.4%
Hollywood productmovie
84.7%
Palindromic HondaCivic
82.7%
Group of witchescoven
82.3%
White-cliffed strait or a US state capitalDover
77.9%
One of the simple machineslever
77.1%
Made on a loomwoven
75.3%
Hang or float in midairhover
75.3%
Clue _ _ V _ _ % Correct
Blacksmith's toolanvil
74.7%
Typical pâté ingredientliver
74.4%
Golfer's mark left in the grounddivot
70.1%
Place of refugehaven
69.3%
Video game area which must be beatenlevel
65.8%
Break the Tenth Commandmentcovet
64.8%
Fastener for Rosierivet
61.7%
Opponentrival
56.4%
Furiously angrylivid
50.6%
Led Zeppelin song: 'When the ___ Breaks'Levee
48.7%
Swivel or spinpivot
43.2%
Complete chaos and destructionhavoc
41.8%
Remove Ads.
Support Sporcle.
Get the best of Sporcle when you Go Orange. This ad-free experience offers more features, more stats, and more fun while also helping to support Sporcle. Thank you for becoming a member.

You're not logged in!

Compare scores with friends on all Sporcle quizzes.
OR
Log In

Show Comments

Extras

Top Quizzes Today


Score Distribution

Your Account Isn't Verified!

In order to create a playlist on Sporcle, you need to verify the email address you used during registration. Go to your Sporcle Settings to finish the process.

Report this User

Report this user for behavior that violates our Community Guidelines.

Details: